| 000 | 00993cab a2200205 4500 | ||
|---|---|---|---|
| 001 | ABS40136 | ||
| 008 | 090401t1988 xxu||||| |||| 00| 0 eng d | ||
| 035 | _a(Sirsi) u21696 | ||
| 041 | _aeng | ||
| 100 | _aWhitehead, J.W.R. | ||
| 245 | _aChanging urban landscape : the case of London`s high-class residential fringe | ||
| 260 | _c1988 | ||
| 350 | _a0 | ||
| 490 |
_aGeographical Journal _v154(3) November 1988, 351-366(16) |
||
| 520 | _aExamines the piecemeal townscape change within existing street patterns over the post-war period within London `s high-class residential fringe. Rising house prices , delays in handling planning applications and a relatively high incidence of appeals are indicative of the pressure on land . In these areas many developers, estate agents and financial institutions are benefiting from tight restraints on the availability of building land. | ||
| 650 | _aSUBURBAN AREAS | ||
| 690 | _aPLANNING LAW AND PRACTICE | ||
| 942 | _n0 | ||
| 948 | _c04/03/1997 | ||
| 999 |
_c14547 _d14547 |
||